Amore romantico /
Saved in:
| 主要作者: | |
|---|---|
| 格式: | 圖書 |
| 語言: | 英语 |
| 出版: |
Roma
RE.VI
[1986]
|
| 叢編: | I Libri di Gay Italia
11 |
| 標簽: |
沒有標簽, 成為第一個標記此記錄!
|
MARC
| LEADER | 00000nam a2200000 4500 | ||
|---|---|---|---|
| 001 | CDOM0000000269 | ||
| 003 | mi | ||
| 005 | 20250820120508.0 | ||
| 008 | 250820b |||||||| |||| 00| 0 eng d | ||
| 040 | |c mi | ||
| 100 | |a Morales, Juan | ||
| 245 | 1 | |a Amore romantico / |c Juan Morales | |
| 260 | |a Roma |b RE.VI |c [1986] | ||
| 300 | |a 115 p. |c ill. |c 17 cm | ||
| 490 | |a I Libri di Gay Italia |v 11 | ||
| 942 | |2 ddc |c BK | ||
| 952 | |0 0 |1 0 |2 ddc |4 0 |6 B_LNR02MORJUAMO11 |7 0 |9 4611 |a MI |b MI |d 2005-04-30 |i 197 |l 0 |o B-LNR02-MORJU-AMO11 |p CDOM197 |r 2025-07-04 21:34:30 |w 2025-07-04 |x DONO |y BK | ||
| 999 | |c 3602 |d 3602 | ||